000
00374nam a2200181Ia 4500
003
0STCL
008
150530s9999 xx 000 0 und d
040
_a
STCL
_c
STCL
100
_a
Bush Douglas
245
_a
English poetry
250
_a
Second
260
_c
1968
300
_a
0
546
_a
English
942
_2
ddc
_c
BK
999
_c
50593
_d
50593
005
20220125170826.0